Guide général du Musée National de Naples (Record no. 159940)

MARC details
000 -LEADER
campo de control de longitud fija 00971nam a22002055i 4500
001 - NÚMERO DE CONTROL
campo de control 159940
003 - IDENTIFICADOR DE NÚMERO DE CONTROL
campo de control ES-MaACL
005 - FECHA Y HORA DE LA ÚLTIMA TRANSACCIÓN
campo de control 20230906211902.0
008 - DATOS DE LONGITUD FIJA--INFORMACIÓN GENERAL
campo de control de longitud fija 040914s1884 it f |||| | fre d
100 1# - ENTRADA PRINCIPAL--NOMBRE DE PERSONA
Nombre de persona Monaco, Domenico.
9 (RLIN) 130042
245 10 - MENCIÓN DEL TÍTULO
Título Guide général du Musée National de Naples
Resto del título : suivant la nouvelle numération d'après le dernier classement, avec plan du musée et une description historique sur Pompéi et Herculanum /
Mención de responsabilidad, etc. par Domenico Monaco ; soigneusemente revu par Edouard Montagne.
250 ## - MENCION DE EDICION
Mención de edición 4e éd.
260 ## - PUBLICACIÓN, DISTRIBUCIÓN, ETC.
Lugar de publicación, distribución, etc. Naples :
Nombre del editor, distribuidor, etc. [s.n.],
Fecha de publicación, distribución, etc. 1884 (
Fabricante Imp. de l'Indicateur Général du Commerce)
300 ## - DESCRIPCIÓN FÍSICA
Extensión IX, 272 p., [2] h. de planos pleg. ;
Dimensiones 17 cm.
610 24 - PUNTO DE ACCESO ADICIONAL DE MATERIA--NOMBRE DE ENTIDAD CORPORATIVA
Nombre de entidad corporativa o nombre de jurisdicción como elemento de entrada Museo Arqueológico Nacional de Nápoles-
Subdivisión de forma Guías.
9 (RLIN) 134700
651 #4 - PUNTO DE ACCESO ADICIONAL DE MATERIA--NOMBRE GEOGRÁFICO
Nombre geográfico Pompeya (Ciudad desaparecida)
9 (RLIN) 149648
651 ## - PUNTO DE ACCESO ADICIONAL DE MATERIA--NOMBRE GEOGRÁFICO
Nombre geográfico Herculano (Ciudad desaparecida)
9 (RLIN) 163498
700 1# - ENTRADA AGREGADA--NOMBRE PERSONAL
Nombre de persona Montagne, Edouard.
9 (RLIN) 130073
852 ## - LOCALIZACIÓN
Ubicación ES-MaACL
Número de control de estantería D-1865
Nota libre - Enc. hol., conservando cub. original
Holdings
Estatus retirado Estado de pérdida Estado de daño No para préstamo Colección Biblioteca de origen Biblioteca actual Ubicación en estantería Fecha de adquisición Fuente de adquisición Total de préstamos Signatura topográfica completa Código de barras Visto por última vez Precio de reemplazo Tipo de ítem Koha
        Libros del s. XIX Biblioteca del Ateneo de Madrid Biblioteca del Ateneo de Madrid Sala Valle Inclán 17/01/2008     D-1865 901167438 23/02/2023 23/02/2023 Libro impreso antiguo